Marketing Management (Record no. 3215)

MARC details
000 -LEADER
fixed length control field 00404nam a22001697a 4500
005 - DATE AND TIME OF LATEST TRANSACTION
control field 20160620104440.0
008 - FIXED-LENGTH DATA ELEMENTS--GENERAL INFORMATION
fixed length control field 160620b xxu||||| |||| 00| 0 eng d
020 ## - INTERNATIONAL STANDARD BOOK NUMBER
ISBN 978-81-203-3570-7
041 ## - LANGUAGE CODE
Language code of text/sound track or separate title eng
082 ## - DEWEY DECIMAL CLASSIFICATION NUMBER
Item number 8379
100 ## - MAIN ENTRY--AUTHOR NAME
Personal name Kotler, Philip and koller, Keirn Lane
245 ## - TITLE STATEMENT
Title Marketing Management
260 ## - PUBLICATION, DISTRIBUTION, ETC. (IMPRINT)
Name of publisher PHI
Year of publication 2009
300 ## - PHYSICAL DESCRIPTION
Number of Pages 662
650 ## - SUBJECT ADDED ENTRY--TOPICAL TERM
Topical Term Management
942 ## - ADDED ENTRY ELEMENTS (KOHA)
Koha item type Books
Holdings
Lost status Damaged status Collection code Home library Current library Shelving location Date acquired Cost, normal purchase price Full call number Accession Number Koha item type
    MANAGEMENT JRU Library JRU Library SHELF - 69 J 20/06/2016 550.00 8379 8379 Books
    MANAGEMENT JRU Library JRU Library SHELF - 69 J 20/06/2016 550.00 8379 8380 Books
    MANAGEMENT JRU Library JRU Library SHELF - 69 J 20/06/2016 550.00 8379 8381 Books
    MANAGEMENT JRU Library JRU Library SHELF - 69 J 20/06/2016 550.00 8379 8382 Books
    MANAGEMENT JRU Library JRU Library SHELF - 69 J 20/06/2016 550.00 8379 8383 Books
    MANAGEMENT JRU Library JRU Library SHELF - 69 J 20/06/2016 550.00 8379 8384 Books
    MANAGEMENT JRU Library JRU Library SHELF - 69 J 20/06/2016 550.00 8379 8385 Books
    MANAGEMENT JRU Library JRU Library SHELF - 69 J 20/06/2016 550.00 8379 8386 Books
      JRU Library   Shelf - 27- D 20/06/2016 550.00 8379 8387 Books